00546nam a2200181Ii 450000100060000000300090000600800410001504000330005604100080008908200230009710000180012024500690013826400640020730000120027133600260028333700280030933800270033713706CO-ViMGA241108s9999||||xx |||||||||||||| ||und|| aCO-ViMGAbspaerdacCO-ViMGA0 aspa04aF.FC 823.91 - G23p1 aGraham Greene10aPuede prestarnos a su marido? y otras comedias de la vida sexual 1aBuenos Aires, Argentina : [Editorial no identificada], 1967 avolumen atextbtxt2rdacontent aunmediatedbn2rdamedia avolumebnc2rdacarrier